000 02202agaaa2200289 4500
001 5204
003 IT-RoPAU
005 20220918181310.0
007 d cvaizq
008 50131s9999||||xx ||| | || ||und||
040 _aIT-RoPAU
_cIT-RoPAU
041 _aITALIANO
100 _aStone Oliver
_gCodice regista SPICS: 26925
_955702
130 _aPERSONA NON GRATA
_943251
245 _aPERSONA NON GRATA
_cProdotto da: Sulichin Fernando Diretto da: Stone Oliver
_pPERSONA NON GRATA (Rif. Codice opera principale : H5204)
250 _aEdizione Standard
260 _a(USA - FRA - SPA)
_bWILD BUNCH - RULE 8 - MORENA FILMS - IXTLANC - RULE 8 / Distribuzione: INTERNAZIONALE
_c"2003 (1° ed.: 2004 ; Ed. Lingua Orig.: 2003)"
300 _aDVD
_bsonoro, col.
_c67 minuti
508 _a"Fotografia: Prieto Rodrigo; Montaggio: Page Langdon; "
511 _a"Arafat Yasser; Barak Ehud; Netanyhau Benjamin; Peres Shimon; Stone Oliver; Yosef J."
520 _aMARZO 2002, NEL MOMENTO IN CUI LE DIPLOMAZIE ISRAELIANA E PALESTINESE SONOBLOCCATE DALL'ESCALATION DELLA VIOLENZA, OLIVER STONE E' SUL POSTO CON UNATROUPE PER INTERVISTARE I LEADER DELLE DUE PARTI IN CONFLITTO. PER 5 GIORNI VIAGGIA TRA GERUSALEMME, TEL AVIV E RAMALLAH, CAPITALE DELL'AUTORITA' PALESTINESE, DOCUMENTANDO LA VITA QUOTIDIANA SEGNATA DALLA VIOLENZA. CONSERVANDO LA SPERANZA DI UNA SOLUZIONE PACIFICA, IL FILM FA PARLARE I PROTAGONISTIDEL CONFLITTO. TRA GLI INTERVISTATI: GLI EX PRIMI MINISTRI PERES, BARAK E NETANYAHU, ALCUNI IMPORTANTI DIPLOMATICI, IL PORTAVOCE DELL'ALA POLITICA DIHAMAS E UN GRUPPO DI MEMBRI DELLE BRIGATE DEI MARTIRI DI AL AQSA. MA IL FILM E' ANCHE LA STORIA DI UN'INTERVISTA MANCATA: DOPO VARI GIORNI PASSATI A CERCARE DI PARLARE CON YASSER ARAFAT, QUANDO SEMBRA CHE POSSANO FINALMENTE INCONTRARLO, STONE E LA SUA TROUPE RIMANGONO COINVOLTI NELLA RAPPRESAGLIA ISRAELIANA A UN SANGUINOSO ATTENTATO PALESTINESE: L'ESERCITO CIRCONDA RAMALLAH E DISTRUGGE IL QUARTIER GENERALE DI ARAFAT.
538 _aPAL, STEREO
546 _aITALIANO
650 _aDOCUMENTARIO
_eDVD-VARI [DVD]
_xCodice MATERIA SPICS: 9946
_955703
700 _aStone Oliver
_e(regista)
_gCodice regista SPICS: 26925
_955704
942 _cDV
_2ddc
999 _c108444
_d108444